Stres v pracovnom procese bakalárska práca

Na minha lista:
Detalhes bibliográficos
Autor principal: Strečanská, Lucia
Autor Corporativo: Fakulta podnikového manažmentu EU. Katedra manažmentu
Outros Autores: Matkovčíková, Natália, 1982-
Formato: Livro
Idioma:eslovaco
Publicado em: Bratislava 2024
Tags: Adicionar Tag
Sem tags, seja o primeiro a adicionar uma tag!

MARC

LEADER 00000nbm a2200000 4500
001 0302014
005 20250210094212.7
041 0 |a slo 
044 |a SK 
245 1 0 |a Stres v pracovnom procese  |b bakalárska práca  |c Lucia Strečanská ; školiteľ: Natália Matkovčíková 
264 1 |a Bratislava  |c 2024 
300 |a 48 s. 
100 1 |a Strečanská, Lucia 
700 1 |a Matkovčíková, Natália, 1982- 
710 2 |a Fakulta podnikového manažmentu EU. Katedra manažmentu